Nevada True Or False? - Statistics

General Stats
  • This quiz has been taken 157 times
  • The average score is 11 of 15
Answer Stats
Question Answer % Correct
The capital of Nevada is Las Vegas False
100%
The state abbreviation for Nevada is NE False
92%
Nevada holds the gambling capital of the United States True
92%
Nevada's population is over 10 million False
85%
Nevada borders Mexico False
85%
The highest point of the 48 contiguous states is in Nevada False
85%
Nevada's state nickname is "the Silver State" True
85%
Nevada means "snow-covered" in Spanish True
77%
Nevada shares a border with 5 other US states True
77%
Part of Death Valley is in Nevada True
77%
Area 51 is located in Nevada True
77%
Paradise, Nevada is the most populous unincorporated city in the United States True
69%
Las Vegas has the most hotel rooms of cities in the world True
62%
Nevada has the only capital that borders another state False
38%
Nevada has exactly 2 incorporated cities with a population of at least 100,000 False
38%
No matching quizzes found
Score Distribution
Percent of People with Each Score
Percentile by Number Answered
Your Score History
You have not taken this quiz